| 000 | 00651nam a2200181Ia 4500 | ||
|---|---|---|---|
| 005 | 20250508151227.0 | ||
| 008 | 008 250505s9999 xx 000 0 eng d | ||
| 037 | _aBooks to be hide in OPAC | ||
| 040 |
_aFEDL _beng _cFEDL |
||
| 041 |
_aeng _2eng |
||
| 084 |
_a500.14, IND/O _qFEDL |
||
| 245 | 0 | _aReport of the scientific terminology committee of the central advisory board of education in India, 1940 together with the decisions of the board thereon | |
| 245 | 0 | _cBureau of Education, India | |
| 260 |
_aDelhi, India _bManager of Publications _c1941 |
||
| 300 | _a41p. | ||
| 942 |
_cHB _h500.14, IND/O |
||
| 999 |
_c1328348 _d1328348 |
||